000 00432nam a2200205Ia 4500
005 20251020182542.0
008 200515s9999 xx 000 0 und d
082 _a741:636/B15
100 _aBAEZA, Mario
245 0 _aDibujando animales
250 _a4a ed.
260 _aBarcelona
260 _c1978
300 _a165
500 _a1 ejemplar
650 _aANIMALES
650 _aDIBUJO
650 _aLIB
942 _cLIB
999 _c2427
_d2427